| 000 | 01498nam a22002537a 4500 | ||
|---|---|---|---|
| 999 |
_c62136 _d62136 |
||
| 003 | Ge_BSU | ||
| 005 | 20240719144214.0 | ||
| 008 | 240719s2021 ge ||||| |||| 00| 0 geo d | ||
| 020 | _a9789941287657 | ||
| 041 | _ageo | ||
| 080 | _a621.39(075.8) შ-15 | ||
| 100 |
_aშავგულიძე, სერგო _eავტორი. _910686 |
||
| 245 |
_aხელშეშლამდგრადი კოდირების თეორიული საფუძვლები : _b [სახელმძღვანელო] / _cსერგო შავგულიძე, ნოდარ უღრელიძე, თეიმურაზ მთვრალაშვილი ; რედაქტორი ბ. ცხადაძე |
||
| 264 |
_aთბილისი : _bტექნიკური უნივერსიტეტი, _c 2021. |
||
| 300 |
_a204 გვ. ; _b20 სმ. |
||
| 504 | _aბიბლიოგრაფია: გვ. 198-201. | ||
| 653 | _aკავშირგაბმულობის სისტემები | ||
| 653 | _aკავშირგაბმულობა | ||
| 700 |
_aუღრელიძე, ნოდარ _910685 |
||
| 700 |
_aმთვრალაშვილი, თეიმურაზ, _922887 |
||
| 700 |
_aცხადაძე, ბ _eრედაქტორი _96516 |
||
| 710 |
_aსაქართველოს ტექნიკური უნივერსიტეტი. _922888 |
||
| 942 |
_2udc _cBK |
||